=LDR 00000nam 2200000 4500 =001 INLIS000000000003070 =005 20130612091400 =008 ***********************************Ind** =035 ##$$0010-061300000003070 =041 ##$$a Ind =082 ##$$a 959.805 5 =090 ##$$a 959.805 5, Fir d =100 ##$$a Firdaus, KH =245 ##$$a Dosa-dosa politik Orde Lama dan Orde Baru yang tidak boleh berulang lagi di era reformasi / KH. Firdaus. -- =260 ##$$a 1999 $b Jakarta : Al Kautsar =300 ##$$a 192 hlm. ; 21 cm =650 ##$$a Sejarah Indonesia =850 ##$$a NBPNMAT